[Event "10. Lichtenberger Sommer"]
[Site "Berlin"]
[Date "2011.08.20"]
[Round "8.29"]
[White "Baumbach, Friedrich"]
[Black "Reiche, Andreas"]
[Result "1-0"]
[WhiteElo "2275"]
[BlackElo "1848"]
[PlyCount "73"]
[EventDate "2011.??.??"]
[WhiteTeam "SC Friesen Lichtenberg e.V."]
[BlackTeam "SV Berolina Mitte e.V."]

1. d4 d5 2. c4 e6 3. Nc3 Nf6 4. cxd5 exd5 5. Bg5 Be7 6. Qc2 O-O 7. e3 Nbd7 8.
Bd3 h6 9. Bh4 c5 10. Nge2 cxd4 11. Nxd4 Ne5 12. O-O Nxd3 13. Qxd3 Be6 14. Rfd1
Qd7 15. f4 g6 16. Nxe6 Qxe6 17. Bxf6 Bxf6 18. Nxd5 Rad8 19. e4 Rfe8 20. Rd2 Bg7
21. e5 Rc8 22. Re1 Kh8 23. Nc3 Qb6+ 24. Qd4 Qxd4+ 25. Rxd4 Bf8 26. Rd7 Bc5+ 27.
Kf1 Re7 28. Red1 Kg8 29. Ne4 Rxd7 30. Rxd7 Be3 31. g3 g5 32. f5 b5 33. Nf6+ Kg7
34. Ng4 Bc5 35. e6 Rf8 36. e7 Re8 37. f6+ 1-0

[Event "10. Lichtenberger Sommer"]
[Site "Berlin"]
[Date "2011.08.20"]
[Round "8.30"]
[White "Tiemer, Klaus"]
[Black "Foerster, Jonas"]
[Result "0-1"]
[WhiteElo "1958"]
[BlackElo "2230"]
[PlyCount "68"]
[EventDate "2011.??.??"]
[WhiteTeam "TSG Oberschöneweide e.V."]
[BlackTeam "SSC Rostock 07"]

1. d4 g6 2. c4 Bg7 3. Nc3 c5 4. d5 Bxc3+ 5. bxc3 f5 6. g3 Qa5 7. Bd2 Nf6 8. Bg2
d6 9. Nh3 Nbd7 10. O-O Nb6 11. Ng5 Nxc4 12. Ne6 Nxd2 13. Qxd2 Bxe6 14. dxe6 d5
15. Qb2 O-O-O 16. Rab1 b6 17. c4 d4 18. Qc2 Rd6 19. Rb5 Qa6 20. Rfb1 Rxe6 21.
Qb2 Kd7 22. e3 Rd6 23. Rd1 e5 24. f4 Qa4 25. Rb3 e4 26. exd4 Qxc4 27. Bf1 Qe6
28. d5 Qe7 29. Bb5+ Kc7 30. Bc6 Rhd8 31. Rb1 Nxd5 32. Ba4 Qf6 33. Qe2 Qd4+ 34.
Kh1 Qxa4 0-1

[Event "10. Lichtenberger Sommer"]
[Site "Berlin"]
[Date "2011.08.20"]
[Round "8.31"]
[White "Gress, Alexander"]
[Black "Lagunow, Raphael"]
[Result "1-0"]
[WhiteElo "2061"]
[BlackElo "1749"]
[PlyCount "65"]
[EventDate "2011.??.??"]
[WhiteTeam "SC Caissa Schwarzenbach"]
[BlackTeam "TuS Makkabi Berlin e.V."]

1. e4 c5 2. Nf3 Nc6 3. Bc4 e6 4. Nc3 Nf6 5. O-O d5 6. e5 dxc4 7. exf6 Qxf6 8.
Re1 Be7 9. Ne4 Qg6 10. Qe2 O-O 11. Qxc4 b6 12. d4 Nxd4 13. Nxd4 cxd4 14. Qc7
Bb4 15. c3 dxc3 16. bxc3 Ba5 17. Ba3 Ba6 18. Bxf8 Rxf8 19. Rad1 f5 20. Nd6 Qf6
21. Qxa7 Bc8 22. Nxc8 Rxc8 23. Qd7 Rf8 24. Qxe6+ Qxe6 25. Rxe6 Bxc3 26. Rxb6
Ra8 27. Rb3 Bf6 28. a3 Kf7 29. g3 Ke6 30. Rd2 Ra4 31. Kg2 Be7 32. Re2+ Kd6 33.
Rd3+ 1-0

[Event "10. Lichtenberger Sommer"]
[Site "Berlin"]
[Date "2011.08.20"]
[Round "8.32"]
[White "Hein, Erwin"]
[Black "Tscheuschner, Georg"]
[Result "1/2-1/2"]
[WhiteElo "2145"]
[BlackElo "1837"]
[PlyCount "206"]
[EventDate "2011.??.??"]
[WhiteTeam "Freier Sportverein von 1898 Dort"]
[BlackTeam "SG Grün-Weiß Baumschulenweg e.V."]

1. d4 d5 2. Nf3 e6 3. c4 c6 4. Nc3 f5 5. g3 Nf6 6. Bg2 Bd6 7. c5 Bc7 8. Bf4
Bxf4 9. gxf4 Ne4 10. e3 Nd7 11. Qc2 O-O 12. Ne5 Qh4 13. Bxe4 fxe4 14. Nxd7 Bxd7
15. O-O-O Be8 16. Rdg1 Bh5 17. Rg3 Rf6 18. Ne2 Rg6 19. Rxg6 Bxg6 20. Ng3 Qe7
21. h4 Rb8 22. Qa4 b6 23. Qxc6 bxc5 24. f5 Be8 25. Qxe6+ Qxe6 26. fxe6 cxd4 27.
exd4 Rb6 28. Nf5 Rxe6 29. Ne3 Bc6 30. Kd2 Rf6 31. Rh2 Kf7 32. Kc3 Ke7 33. Kb4
Kd6 34. b3 Rg6 35. Rg2 Rxg2 36. Nxg2 g6 37. Ne3 h6 38. Ka5 Bb7 39. b4 g5 40.
hxg5 hxg5 41. b5 Bc8 42. a4 Bb7 43. Kb4 Bc8 44. Nc2 Bb7 45. Kc3 Ke6 46. Kd2 Kd6
47. Nb4 Kc7 48. a5 Kd6 49. Na2 a6 50. bxa6 Bxa6 51. Nb4 Bc4 52. Ke3 Bb5 53. f3
exf3 54. Kxf3 Bd7 55. a6 Bc8 56. a7 Bb7 57. Kg4 Kc7 58. Kxg5 Kb6 59. Kf6 Kxa7
60. Ke6 Kb8 61. Kd6 Kc8 62. Nd3 Kd8 63. Nc5 Ba8 64. Ne6+ Kc8 65. Kc5 Kd7 66.
Nf8+ Ke7 67. Ng6+ Kf6 68. Ne5 Bb7 69. Kb6 Bc8 70. Kc7 Ba6 71. Kd6 Bc4 72. Nd7+
Kf5 73. Nb6 Ke4 74. Kc5 Bb3 75. Nc8 Kf5 76. Ne7+ Ke6 77. Nc6 Bd1 78. Nb4 Bf3
79. Nd3 Kf5 80. Ne5 Bg2 81. Nd7 Ke6 82. Kc6 Bh1 83. Nc5+ Kf5 84. Kd6 Bg2 85.
Ne6 Ke4 86. Kc5 Bf1 87. Ng7 Bc4 88. Ne8 Bb3 89. Nf6+ Kf5 90. Nxd5 Ke6 91. Ne3
Kd7 92. Ng4 Bc2 93. d5 Bb3 94. Ne5+ Kd8 95. d6 Ba4 96. Nc4 Bd7 97. Nb6 Bh3 98.
Nc4 Bd7 99. Ne5 Bh3 100. Nf7+ Kd7 101. Ne5+ Kd8 102. Nc6+ Kd7 103. Nb8+ Kd8
1/2-1/2

[Event "10. Lichtenberger Sommer"]
[Site "Berlin"]
[Date "2011.08.20"]
[Round "8.33"]
[White "Barwich, Alfred"]
[Black "Schulz, Hartmut"]
[Result "1/2-1/2"]
[WhiteElo "1959"]
[BlackElo "2098"]
[PlyCount "65"]
[EventDate "2011.??.??"]
[WhiteTeam "SV Berolina Mitte e.V."]
[BlackTeam "SC Rotation Pankow e.V."]

1. d4 d5 2. Nf3 Nf6 3. e3 c6 4. Bd3 Bg4 5. Nbd2 e6 6. c3 Nbd7 7. Qb3 Qc7 8. h3
Bh5 9. a4 Rb8 10. Be2 Be7 11. Qc2 Bg6 12. Bd3 Bxd3 13. Qxd3 O-O 14. e4 e5 15.
O-O Rbd8 16. exd5 Nxd5 17. dxe5 Nxe5 18. Nxe5 Qxe5 19. Nf3 Qh5 20. Qc4 Rfe8 21.
Bd2 Bf6 22. Rfe1 Rxe1+ 23. Rxe1 Qf5 24. Qb3 Nb6 25. Be3 Qa5 26. Ra1 h6 27. Qc2
Nc4 28. Bf4 Qd5 29. b3 Ne5 30. Bxe5 Bxe5 31. c4 Qd6 32. Nxe5 Qxe5 33. Rd1
1/2-1/2

[Event "10. Lichtenberger Sommer"]
[Site "Berlin"]
[Date "2011.08.20"]
[Round "8.34"]
[White "Hahlbohm, Matthias"]
[Black "Bandlow, Reinhard"]
[Result "1-0"]
[WhiteElo "2075"]
[BlackElo "2018"]
[PlyCount "44"]
[EventDate "2011.??.??"]
[WhiteTeam "TSG Oberschöneweide e.V."]
[BlackTeam "SV Bau-Union e.V."]

1. e4 c6 2. d4 d5 3. Nc3 dxe4 4. Nxe4 Nf6 5. Nxf6+ exf6 6. Nf3 Bd6 7. h3 O-O 8.
Be2 Re8 9. O-O Be6 10. c4 Nd7 11. Qc2 Nf8 12. Rd1 Ng6 13. Bd3 Rc8 14. Be3 Qd7
15. Bf1 Bf5 16. Qa4 a6 17. d5 cxd5 18. Qxd7 Bxd7 19. Rxd5 Re6 20. c5 Bc6 21.
Rxd6 Bxf3 22. gxf3 Ne5 1-0

[Event "10. Lichtenberger Sommer"]
[Site "Berlin"]
[Date "2011.08.20"]
[Round "8.35"]
[White "Bruening, Wolfgang"]
[Black "Pappenheim, Rainer"]
[Result "1-0"]
[WhiteElo "1958"]
[BlackElo "2081"]
[PlyCount "53"]
[EventDate "2011.??.??"]
[WhiteTeam "Queer-Springer SSV Berlin"]
[BlackTeam "SC Starnberg"]

1. Nf3 Nf6 2. d4 d5 3. e3 c6 4. Bd3 Bg4 5. b3 e6 6. Bb2 Be7 7. O-O Nbd7 8. Nbd2
O-O 9. c4 Bh5 10. Rc1 Qa5 11. Bc3 Qb6 12. Qc2 Bg6 13. c5 Qc7 14. b4 b5 15. Ne5
Nxe5 16. dxe5 Ng4 17. Nf3 Bxd3 18. Qxd3 f6 19. Qd4 f5 20. h3 Nh6 21. Qf4 Rae8
22. Nd4 Bd8 23. Qf3 Nf7 24. Qg3 Qd7 25. Nxf5 Ng5 26. Nd6 Qe7 27. f3 1-0

[Event "10. Lichtenberger Sommer"]
[Site "Berlin"]
[Date "2011.08.20"]
[Round "8.36"]
[White "Kabitzke, Julian"]
[Black "Stucki, Ramon"]
[Result "1/2-1/2"]
[WhiteElo "1852"]
[BlackElo "1964"]
[PlyCount "120"]
[EventDate "2011.??.??"]
[WhiteTeam "USG Chemnitz"]
[BlackTeam "Thun SK"]

1. e4 e5 2. Nf3 Nc6 3. Nc3 Nf6 4. Bb5 d6 5. d4 exd4 6. Nxd4 Bd7 7. O-O Be7 8.
Bg5 O-O 9. Re1 a6 10. Bxc6 bxc6 11. Qd2 Ng4 12. Bxe7 Qxe7 13. f4 Qh4 14. Nf3
Qh5 15. h3 Nh6 16. Qf2 f6 17. Rad1 g5 18. Qg3 Kh8 19. fxg5 Rg8 20. h4 Bg4 21.
gxh6 Bxf3 22. Qf4 Rxg2+ 23. Kf1 Rg6 24. Rd3 Bg4 25. Rg3 Qxh4 26. Kf2 Rag8 27.
Reg1 Qg5 28. Ne2 Qc5+ 29. Ke1 f5 30. exf5 Bxf5 31. Rxg6 Rxg6 32. Rxg6 hxg6 33.
Qh4 Qe5 34. Qd8+ Kh7 35. Qxc7+ Kxh6 36. Qxc6 g5 37. Qxa6 Bxc2 38. Qa3 Bf5 39.
Qc3 Qe4 40. Qf6+ Kh5 41. Qxd6 Qb1+ 42. Qd1 Qxb2 43. Nf4+ Kh6 44. Qh5+ Kg7 45.
Qxg5+ Kh8 46. Qh5+ Bh7 47. Qe8+ Bg8 48. Qh5+ Bh7 49. Ng6+ Kg7 50. Qe5+ Qxe5+
51. Nxe5 Kf6 52. Nc6 Ke6 53. Kd2 Kd6 54. Nd4 Kc5 55. Kc3 Bg8 56. a3 Bd5 57. Nf5
Be6 58. Ne3 Bd5 59. Nc2 Bg2 60. Nb4 Be4 1/2-1/2

[Event "10. Lichtenberger Sommer"]
[Site "Berlin"]
[Date "2011.08.20"]
[Round "8.37"]
[White "Kutzner, Stephen"]
[Black "Schreyer, Erik"]
[Result "1/2-1/2"]
[WhiteElo "2089"]
[BlackElo "1831"]
[PlyCount "51"]
[EventDate "2011.??.??"]
[WhiteTeam "SC 1950 Remagen"]
[BlackTeam "Schachverein 1949 Herzogenrath"]

1. d4 Nf6 2. c4 e6 3. Nc3 Bb4 4. Qc2 c5 5. a3 Qa5 6. e3 Nc6 7. Nf3 Ne4 8. Bd2
Nxd2 9. Qxd2 Bxc3 10. Qxc3 Qxc3+ 11. bxc3 b6 12. Bd3 Ba6 13. Ke2 Ke7 14. e4 Na5
15. Nd2 Rhc8 16. d5 e5 17. Rhf1 Rf8 18. f4 f6 19. Ke3 h6 20. Rf2 g5 21. fxe5
fxe5 22. Raf1 Rxf2 23. Rxf2 Rf8 24. Rxf8 Kxf8 25. g4 d6 26. Be2 1/2-1/2

[Event "10. Lichtenberger Sommer"]
[Site "Berlin"]
[Date "2011.08.20"]
[Round "8.38"]
[White "Krefenstein, Sergej"]
[Black "Hahne, Carsten"]
[Result "1-0"]
[WhiteElo "2031"]
[BlackElo "1818"]
[PlyCount "45"]
[EventDate "2011.??.??"]
[WhiteTeam "TuS Makkabi Berlin e.V."]
[BlackTeam "vereinslos"]

1. e4 c6 2. d4 d5 3. e5 Bf5 4. Nc3 e6 5. g4 Bg6 6. Nge2 h6 7. Be3 a6 8. Qd2 Nd7
9. Ng3 f6 10. Bd3 Bf7 11. f4 Qc7 12. O-O O-O-O 13. Na4 Ne7 14. b4 fxe5 15. fxe5
Bg6 16. Nc5 Nxc5 17. bxc5 Be8 18. Rab1 Kd7 19. Qb4 Kc8 20. Rb2 Bg6 21. Be2 a5
22. Qb3 Rd7 23. Bd2 1-0

[Event "10. Lichtenberger Sommer"]
[Site "Berlin"]
[Date "2011.08.20"]
[Round "8.40"]
[White "Richter, Goetz"]
[Black "Koischwitz, Wanja"]
[Result "1-0"]
[WhiteElo "2045"]
[BlackElo "1813"]
[PlyCount "93"]
[EventDate "2011.??.??"]
[WhiteTeam "Klub Kölner Schachfreunde e.V. 1"]
[BlackTeam "Queer-Springer SSV Berlin"]

1. e4 Nf6 2. e5 Nd5 3. d4 d6 4. c4 Nb6 5. exd6 cxd6 6. Be3 Nc6 7. Nc3 Bf5 8. b3
e6 9. Nf3 Be7 10. Be2 O-O 11. O-O Bf6 12. Rc1 Bg4 13. h3 Bh5 14. d5 Bxf3 15.
Bxf3 Bxc3 16. dxc6 Bb4 17. cxb7 Rb8 18. a3 Bc5 19. Bxc5 dxc5 20. Qxd8 Rfxd8 21.
Rfd1 Nd7 22. g3 Kf8 23. Kf1 Ke7 24. Ke2 Nf6 25. b4 Nd7 26. Bg2 f5 27. Rd2 Nf6
28. bxc5 Rxd2+ 29. Kxd2 e5 30. Bc6 Nd7 31. Bxd7 Kxd7 32. Rb1 Kc6 33. Kc3 Rxb7
34. Rd1 Rd7 35. Rb1 e4 36. Rb8 g6 37. Rc8+ Rc7 38. Rxc7+ Kxc7 39. Kd4 Kc6 40.
g4 fxg4 41. hxg4 h5 42. gxh5 gxh5 43. Kxe4 Kxc5 44. f4 Kxc4 45. f5 Kc5 46. Ke5
Kc6 47. Ke6 1-0

[Event "10. Lichtenberger Sommer"]
[Site "Berlin"]
[Date "2011.08.20"]
[Round "8.41"]
[White "Kupfer, Michael"]
[Black "Ritter, Uwe"]
[Result "1-0"]
[WhiteElo "2049"]
[BlackElo "1733"]
[PlyCount "59"]
[EventDate "2011.??.??"]
[WhiteTeam "SC Friesen Lichtenberg e.V."]
[BlackTeam "Reideburger SV 90 Halle"]

1. e4 e6 2. d4 d5 3. Nc3 dxe4 4. Nxe4 Be7 5. Nf3 Nf6 6. Bd3 b6 7. Nxf6+ Bxf6 8.
Be4 c6 9. O-O Qc7 10. Re1 O-O 11. Ng5 Bxg5 12. Bxg5 f6 13. Bh4 Bb7 14. Bg3 Qc8
15. Qh5 f5 16. Bd3 c5 17. Bc4 Bd5 18. Bxd5 exd5 19. Bd6 Na6 20. Bxf8 Qxf8 21.
Re5 g6 22. Qf3 Nc7 23. dxc5 Qxc5 24. Rae1 Rf8 25. c3 Rf7 26. h4 Qd6 27. h5 Kg7
28. Qe3 Rd7 29. Re7+ Kf8 30. Qh6+ 1-0

[Event "10. Lichtenberger Sommer"]
[Site "Berlin"]
[Date "2011.08.20"]
[Round "8.42"]
[White "Schlüter, Bernd"]
[Black "Franzke, Alexander"]
[Result "0-1"]
[WhiteElo "1987"]
[BlackElo "1981"]
[PlyCount "146"]
[EventDate "2011.??.??"]
[WhiteTeam "SV Rochade Potsdam-West e.V."]
[BlackTeam "Forster Schachclub 95"]

1. d4 Nf6 2. Nf3 c5 3. c4 cxd4 4. Nxd4 Nc6 5. Nc3 g6 6. e4 d6 7. Be2 Bg7 8. Be3
O-O 9. O-O Bd7 10. f3 Nxd4 11. Bxd4 Bc6 12. Nd5 Nd7 13. Bxg7 Kxg7 14. Qd4+ e5
15. Qd2 Bxd5 16. cxd5 Qb6+ 17. Kh1 Rac8 18. Rac1 a5 19. g4 h6 20. h4 Qd8 21. g5
Rxc1 22. Rxc1 Rh8 23. Kg2 hxg5 24. hxg5 Rh4 25. Rh1 Rxh1 26. Kxh1 Nf8 27. f4
exf4 28. Qxf4 Qe7 29. Bc4 Nh7 30. e5 Qxg5 31. Qxg5 Nxg5 32. exd6 f5 33. d7 Nf7
34. d6 Nd8 35. Kg2 Kf6 36. Bg8 Ke5 37. Kf3 g5 38. Bh7 Ne6 39. Kg3 Nd8 40. Kf3
Nc6 41. Kg3 b6 42. Kf3 b5 43. Kg3 g4 44. Bg6 Kf6 45. Be8 b4 46. Kf4 Nd8 47. Bh5
Ne6+ 48. Kg3 Kg5 49. Bf7 f4+ 50. Kg2 Nd8 51. Be8 Kh4 52. Bg6 f3+ 53. Kf2 Kg5
54. Bd3 Kf4 55. Bc4 g3+ 56. Kf1 Ke5 57. Bd3 Kd4 58. Bb5 Ke3 59. Bc4 Kd2 60. a3
Kc2 61. axb4 a4 62. Bd5 f2 63. b5 Kxb2 64. b6 a3 65. b7 Nxb7 66. Bxb7 a2 67.
d8=Q a1=Q+ 68. Kg2 Qg1+ 69. Kh3 f1=Q+ 70. Kg4 Qe2+ 71. Kf5 Qgf2+ 72. Kg5 Qe5+
73. Kg6 Qff5+ 0-1

[Event "10. Lichtenberger Sommer"]
[Site "Berlin"]
[Date "2011.08.20"]
[Round "8.43"]
[White "Gretzer, Marcus"]
[Black "Witte, Ronald"]
[Result "0-1"]
[WhiteElo "1748"]
[BlackElo "2063"]
[PlyCount "50"]
[EventDate "2011.??.??"]
[WhiteTeam "SC Kitzingen von 1905"]
[BlackTeam "BSV 63 Chemie Weißensee"]

1. Nf3 Nf6 2. c4 e6 3. d4 d5 4. Bg5 Nbd7 5. Nc3 c6 6. e3 Bd6 7. c5 Bc7 8. Qa4
e5 9. dxe5 Nxe5 10. Be2 O-O 11. O-O h6 12. Bf4 Re8 13. Rad1 Qe7 14. b4 Nxf3+
15. Bxf3 Bxf4 16. exf4 Bg4 17. Bxg4 Nxg4 18. h3 Nf6 19. Qc2 a5 20. Qb1 Ne4 21.
Rfe1 Nxc3 22. Rxe7 Rxe7 23. Qd3 Nxd1 24. Qxd1 axb4 25. Qd2 Rd8 0-1

[Event "10. Lichtenberger Sommer"]
[Site "Berlin"]
[Date "2011.08.20"]
[Round "8.45"]
[White "Weichlein, Paul"]
[Black "Gremm, Albert Jürgen"]
[Result "1-0"]
[WhiteElo "1973"]
[BlackElo "1906"]
[PlyCount "69"]
[EventDate "2011.??.??"]
[WhiteTeam "SAbt TSV Haunstetten"]
[BlackTeam "SC Kreuzberg e.V."]

1. d4 g6 2. c4 Bg7 3. e4 d6 4. Nc3 Nc6 5. Be3 e5 6. Nge2 Nge7 7. d5 Nb8 8. c5
O-O 9. Qd2 Na6 10. cxd6 cxd6 11. Nc1 f5 12. f3 b6 13. Nd3 Nc5 14. b4 Nd7 15.
Nb5 fxe4 16. fxe4 Nf6 17. Nf2 a6 18. Nc3 Bd7 19. Be2 a5 20. b5 a4 21. O-O Ra5
22. Qc2 Nc8 23. Rab1 Qe8 24. a3 h6 25. Rb4 g5 26. Rxa4 Bxb5 27. Bxb5 Rxb5 28.
Nxb5 Qxb5 29. Rb1 Qe8 30. Ra8 Nh5 31. Rc1 Nf4 32. Bxf4 exf4 33. Rxc8 Qg6 34.
Rxf8+ Bxf8 35. Qc8 1-0

[Event "10. Lichtenberger Sommer"]
[Site "Berlin"]
[Date "2011.08.20"]
[Round "8.46"]
[White "Klyszcz, Michael"]
[Black "Bockelmann, Rolf"]
[Result "1-0"]
[WhiteElo "2064"]
[BlackElo "1820"]
[PlyCount "51"]
[EventDate "2011.??.??"]
[WhiteTeam "SG 1871 Löberitz"]
[BlackTeam "SV Senat (FV Schach)"]

1. e4 e5 2. Nf3 Nc6 3. Bc4 Nf6 4. Ng5 d5 5. exd5 Nd4 6. c3 b5 7. Bf1 Nf5 8.
Bxb5+ Bd7 9. Bxd7+ Qxd7 10. Qf3 Nxd5 11. O-O h6 12. Ne4 Be7 13. d3 O-O 14. Na3
Nh4 15. Qg3 Nf4 16. Bxf4 exf4 17. Qxf4 Qxd3 18. Rfd1 Qa6 19. Nc2 Qg6 20. Ne3
Qe6 21. Ng3 Qc6 22. Qe4 Qf6 23. Nd5 Qg5 24. Nxe7+ Kh8 25. Rd5 f5 26. Qxh4 1-0

[Event "10. Lichtenberger Sommer"]
[Site "Berlin"]
[Date "2011.08.20"]
[Round "8.47"]
[White "Hoppensack, Manfred"]
[Black "Boeck, Ruediger"]
[Result "1/2-1/2"]
[WhiteElo "2058"]
[BlackElo "1830"]
[PlyCount "56"]
[EventDate "2011.??.??"]
[WhiteTeam "SC Friesen Lichtenberg e.V."]
[BlackTeam "SC Weisse Dame Ulm e.V."]

1. e4 e5 2. Nc3 Nf6 3. f4 Nc6 4. Nf3 d6 5. Bb5 Bd7 6. Bxc6 Bxc6 7. fxe5 Nxe4 8.
Qe2 Nxc3 9. dxc3 Be7 10. O-O O-O 11. Nd4 Bd7 12. Bf4 dxe5 13. Bxe5 Bc5 14. Qc4
b6 15. Kh1 Qg5 16. Bf4 Qg6 17. b4 Bd6 18. Bxd6 Qxd6 19. Rad1 Be6 20. Nxe6 Qxe6
21. Qxe6 fxe6 22. Rxf8+ Rxf8 23. Kg1 Rf7 24. Re1 Rf6 25. Rd1 g6 26. Rd8+ Rf8
27. Rd7 Rf7 28. Rd8+ Rf8 1/2-1/2

[Event "10. Lichtenberger Sommer"]
[Site "Berlin"]
[Date "2011.08.20"]
[Round "8.48"]
[White "Amelang, Thomas"]
[Black "Schneider, Eckehard"]
[Result "1-0"]
[WhiteElo "2152"]
[BlackElo "1733"]
[PlyCount "45"]
[EventDate "2011.??.??"]
[WhiteTeam "SK Siemens München"]
[BlackTeam "Sfrd. Berlin 1903 e.V."]

1. e4 e6 2. Nc3 d5 3. d3 c5 4. g3 b6 5. Bg2 Bb7 6. f4 Na6 7. Qe2 Rc8 8. exd5
Nf6 9. dxe6 Bxg2 10. exf7+ Kxf7 11. Qxg2 Bd6 12. Qb7+ Nc7 13. Nge2 Re8 14. O-O
c4 15. d4 Kg8 16. f5 Re7 17. Qf3 b5 18. a3 a5 19. Bg5 Qf8 20. Bxf6 Qxf6 21. Ne4
Rxe4 22. Qxe4 Re8 23. Qf3 1-0

[Event "10. Lichtenberger Sommer"]
[Site "Berlin"]
[Date "2011.08.20"]
[Round "8.49"]
[White "Schleich, Theodor"]
[Black "Cerdan Herraez, Manuel Vicente"]
[Result "1-0"]
[WhiteElo "2120"]
[BlackElo "1861"]
[PlyCount "85"]
[EventDate "2011.??.??"]
[WhiteTeam "FC Bayern München e.V."]
[BlackTeam "CIM Benimaclet Valencia"]

1. d4 d5 2. Bg5 Qd6 3. Nc3 c6 4. Qd2 Bf5 5. Nf3 f6 6. Bf4 Qd7 7. e3 e6 8. Nh4
Bg4 9. Bg3 Bb4 10. Bd3 Ne7 11. a3 Bd6 12. Bxd6 Qxd6 13. h3 Bh5 14. g4 Bf7 15.
O-O-O Nd7 16. f4 O-O-O 17. Kb1 Kb8 18. Rhg1 Rc8 19. g5 f5 20. Rc1 g6 21. Nf3 c5
22. Nb5 Qb6 23. dxc5 Rxc5 24. c4 Rhc8 25. b4 a6 26. bxc5 Nxc5 27. Ka2 axb5 28.
cxb5 e5 29. Nxe5 Be6 30. Rge1 d4+ 31. Bc4 dxe3 32. Qxe3 Bxc4+ 33. Nxc4 Qxb5 34.
Nd6 Qd3 35. Rxc5 Qxd6 36. Rxc8+ Nxc8 37. Qe5 Kc7 38. Rc1+ Kd7 39. Qb5+ Kd8 40.
Qxb7 Qd2+ 41. Qb2 Qd5+ 42. Qb3 Qa8 43. Rd1+ 1-0

[Event "10. Lichtenberger Sommer"]
[Site "Berlin"]
[Date "2011.08.20"]
[Round "8.50"]
[White "Mayer, Herbert"]
[Black "Pueschel, Werner"]
[Result "1/2-1/2"]
[WhiteElo "1948"]
[BlackElo "2163"]
[PlyCount "79"]
[EventDate "2011.??.??"]
[WhiteTeam "SC Rochade e.V."]
[BlackTeam "SG Lasker Steglitz-Wilmersdorf"]

1. c4 Nf6 2. Nc3 d6 3. g3 c6 4. Bg2 g6 5. Nf3 Bg7 6. O-O O-O 7. Rb1 Bf5 8. d3
Qc8 9. Re1 Bh3 10. Bh1 a5 11. Ng5 Bg4 12. Qc2 Na6 13. a3 e5 14. e4 h6 15. Nf3
Nc5 16. Be3 Bxf3 17. Bxf3 Ne6 18. Bg2 Qc7 19. b4 Ng4 20. Bd2 axb4 21. axb4 Qb6
22. Rf1 Ra3 23. h3 Nf6 24. Kh2 Rfa8 25. Be3 Nd4 26. Qd2 Qc7 27. b5 Qc8 28. bxc6
bxc6 29. Rb2 Nd7 30. Nb1 Ra1 31. Bxh6 Bxh6 32. Qxh6 Nc5 33. Qd2 Kg7 34. f4 R8a3
35. Nxa3 Rxf1 36. fxe5 dxe5 37. Nc2 Nf3+ 38. Bxf3 Rxf3 39. Ne1 Rf6 40. Qe3
1/2-1/2

[Event "10. Lichtenberger Sommer"]
[Site "Berlin"]
[Date "2011.08.20"]
[Round "8.51"]
[White "Fischer, Daniel"]
[Black "Scholz, Ralf-Dieter"]
[Result "1-0"]
[WhiteElo "2109"]
[BlackElo "1896"]
[PlyCount "63"]
[EventDate "2011.??.??"]
[WhiteTeam "SK Oberkirch"]
[BlackTeam "USV Potsdam e.V., Abt. Schach"]

1. c4 f5 2. g3 Nf6 3. Bg2 e5 4. d4 exd4 5. Qxd4 Bb4+ 6. Bd2 Bxd2+ 7. Nxd2 O-O
8. Nh3 Nc6 9. Qc3 Qe7 10. Nf4 Re8 11. O-O Ne5 12. e4 fxe4 13. Nxe4 c6 14. Rfe1
Nxe4 15. Rxe4 d6 16. Rae1 Bf5 17. R4e3 Qd7 18. c5 g6 19. cxd6 Nf7 20. Re7 Rxe7
21. dxe7 Re8 22. Qe3 a6 23. h3 Qd6 24. g4 Bc8 25. Nd3 Qf6 26. Nc5 Qxb2 27. Nxa6
Qe5 28. Qxe5 Nxe5 29. Rxe5 Kf7 30. Nc5 Rxe7 31. Rxe7+ Kxe7 32. f4 1-0

[Event "10. Lichtenberger Sommer"]
[Site "Berlin"]
[Date "2011.08.20"]
[Round "8.52"]
[White "Krajewski, Wolfgang"]
[Black "Bergmann, Jens"]
[Result "1-0"]
[WhiteElo "2095"]
[BlackElo "1952"]
[PlyCount "57"]
[EventDate "2011.??.??"]
[WhiteTeam "SK Zehlendorf e.V."]
[BlackTeam "SK Tempelhof 1931 e.V."]

1. d4 Nf6 2. Nf3 e6 3. Bg5 Be7 4. e3 h6 5. Bh4 Ne4 6. Bxe7 Qxe7 7. Nbd2 d5 8.
Bd3 f5 9. Ne5 Qg5 10. O-O Nd7 11. f4 Qf6 12. Bxe4 dxe4 13. Qh5+ g6 14. Qxg6+
Qxg6 15. Nxg6 Rg8 16. Ne5 Nf6 17. c4 b6 18. Kf2 Bb7 19. Rg1 O-O-O 20. h3 h5 21.
g3 a5 22. a4 Rg7 23. Rac1 c6 24. Nb3 Kc7 25. c5 Nd5 26. cxb6+ Kxb6 27. Nc5 Rd6
28. Nc4+ Kc7 29. Nxb7 1-0

[Event "10. Lichtenberger Sommer"]
[Site "Berlin"]
[Date "2011.08.20"]
[Round "8.53"]
[White "Mertens, Fridolin"]
[Black "Pouydesseau, Mathieu"]
[Result "0-1"]
[WhiteElo "1993"]
[BlackElo "1774"]
[PlyCount "64"]
[EventDate "2011.??.??"]
[WhiteTeam "SG 1871 Löberitz"]
[BlackTeam "SV Berlin-Friedrichstadt"]

1. e4 c5 2. Nf3 e6 3. d4 cxd4 4. Nxd4 a6 5. c4 Nc6 6. Be3 Qc7 7. Nc3 Nf6 8. Be2
Bb4 9. Qc2 O-O 10. O-O d6 11. Na4 Ne5 12. a3 Bc5 13. Nxc5 dxc5 14. Nb3 Nfg4 15.
Bxg4 Nxg4 16. g3 Nxe3 17. fxe3 b6 18. Rf4 Bb7 19. Rh4 Qc6 20. Qe2 g6 21. Nd2
Kg7 22. Nf3 f6 23. b3 Rad8 24. Kf2 Qd7 25. Qb2 e5 26. h3 Qd3 27. Rc1 Bxe4 28.
Rc3 Qb1 29. Qe2 Bxf3 30. Kxf3 g5 31. Rh5 Qh1+ 32. Qg2 e4+ 0-1

[Event "10. Lichtenberger Sommer"]
[Site "Berlin"]
[Date "2011.08.20"]
[Round "8.54"]
[White "Kievelitz, Bernd"]
[Black "Casny, Guenter"]
[Result "1/2-1/2"]
[WhiteElo "2070"]
[BlackElo "1865"]
[PlyCount "82"]
[EventDate "2011.??.??"]
[WhiteTeam "SC Zitadelle Spandau 1977 e.V."]
[BlackTeam "SC Rochade e.V."]

1. Nf3 c5 2. c4 Nc6 3. d4 cxd4 4. Nxd4 Nf6 5. Nc3 d6 6. g3 Bd7 7. Bg2 g6 8. O-O
Bg7 9. e4 O-O 10. Nc2 Rc8 11. Ne3 Qc7 12. Bd2 Rfe8 13. Ncd5 Qb8 14. Bc3 Nh5 15.
Bxg7 Nxg7 16. f4 f5 17. exf5 Nxf5 18. Nxf5 Bxf5 19. g4 Be6 20. f5 Bf7 21. Nf4
Ne5 22. Bd5 Rf8 23. fxg6 hxg6 24. Ne6 b5 25. Nxf8 Qb6+ 26. Kg2 Rxf8 27. Bxf7+
Rxf7 28. Rxf7 Kxf7 29. Qd5+ e6 30. Rf1+ Ke7 31. Qa8 Nxc4 32. Qf8+ Kd7 33. Rf7+
Kc6 34. Qa8+ Kc5 35. Rxa7 Kd4 36. Rf7 Ne3+ 37. Kh3 Kd3 38. Rf2 Qd4 39. Qf3 g5
40. Qe2+ Ke4 41. Qf3+ Kd3 1/2-1/2

[Event "10. Lichtenberger Sommer"]
[Site "Berlin"]
[Date "2011.08.20"]
[Round "8.55"]
[White "Bandlow, Matthias"]
[Black "Muskewitz, Bernd"]
[Result "1/2-1/2"]
[WhiteElo "1988"]
[BlackElo "1998"]
[PlyCount "39"]
[EventDate "2011.??.??"]
[WhiteTeam "SC Borussia Friedrichsfelde 1920"]
[BlackTeam "TSG Oberschöneweide e.V."]

1. d4 d5 2. c4 dxc4 3. Nf3 Nf6 4. e3 Bg4 5. Bxc4 e6 6. O-O Nbd7 7. h3 Bh5 8.
Nbd2 c5 9. Qb3 Qb6 10. Qxb6 Nxb6 11. Bb5+ Nbd7 12. dxc5 Bxc5 13. Ne5 a6 14.
Nxd7 Nxd7 15. Bxd7+ Kxd7 16. Ne4 Be7 17. b3 Rhe8 18. Bb2 f6 19. Rac1 Rac8 20.
g4 1/2-1/2

[Event "10. Lichtenberger Sommer"]
[Site "Berlin"]
[Date "2011.08.20"]
[Round "8.56"]
[White "Baranowsky, Peter"]
[Black "Lieder, Guenter"]
[Result "1/2-1/2"]
[WhiteElo "1989"]
[BlackElo "1847"]
[PlyCount "56"]
[EventDate "2011.??.??"]
[WhiteTeam "Sfrd. Berlin 1903 e.V."]
[BlackTeam "SK Turm Bad Hersfeld"]

1. d4 g6 2. e4 Bg7 3. Be3 d6 4. Nc3 Nd7 5. Nf3 c6 6. Bd3 Ngf6 7. Qd2 Ng4 8. Bg5
h6 9. Bh4 c5 10. Bb5 cxd4 11. Nxd4 a6 12. Be2 Ngf6 13. f4 Qc7 14. Rd1 O-O 15.
O-O Rb8 16. Bf3 b5 17. e5 dxe5 18. Nc6 exf4 19. Ne4 e5 20. Nxb8 Qxb8 21. Qd6
Qxd6 22. Rxd6 Nxe4 23. Bxe4 Nc5 24. Bd5 g5 25. Bf2 Ne6 26. Rd1 e4 27. Bxe4 Bxb2
28. Bf5 Ba3 1/2-1/2